رحلة العمر من بيت الشعر الى سدة الحكم / (Record no. 33215)
[ view plain ]
| 000 -LEADER | |
|---|---|
| fixed length control field | 00666nam a22001817a 4500 |
| 003 - CONTROL NUMBER IDENTIFIER | |
| control field | JO-AjAnu |
| 005 - DATE AND TIME OF LATEST TRANSACTION | |
| control field | 20231202142344.0 |
| 008 - FIXED-LENGTH DATA ELEMENTS--GENERAL INFORMATION | |
| fixed length control field | 231202b jo ||||| |||| 00| 0 ara d |
| 040 ## - CATALOGING SOURCE | |
| Original cataloging agency | JO-AjAnu |
| Language of cataloging | ARA |
| Transcribing agency | JO-AjAnu |
| 041 ## - LANGUAGE CODE | |
| Language code of text/sound track or separate title | ARA |
| 050 ## - LIBRARY OF CONGRESS CALL NUMBER | |
| Classification number | DS154.52. |
| -- | M33.A3 |
| -- | 2003 |
| 100 ## - MAIN ENTRY--PERSONAL NAME | |
| Personal name | المجالي، عبد السلام |
| 9 (RLIN) | 64572 |
| Relator term | [مؤلف] |
| 245 00 - TITLE STATEMENT | |
| Title | رحلة العمر من بيت الشعر الى سدة الحكم / |
| Statement of responsibility, etc. | عبد السلام المجالي |
| 260 ## - PUBLICATION, DISTRIBUTION, ETC. | |
| Date of publication, distribution, etc. | 2003 |
| Place of publication, distribution, etc. | عمان، |
| 300 ## - PHYSICAL DESCRIPTION | |
| Extent | 376صفحة |
| 650 #0 - SUBJECT ADDED ENTRY--TOPICAL TERM | |
| Topical term or geographic name entry element | السياسيون الاردنيون- تراجم- عبد السلام المجالي- يوميات |
| 9 (RLIN) | 64576 |
| 942 ## - ADDED ENTRY ELEMENTS (KOHA) | |
| Source of classification or shelving scheme | Library of Congress Classification |
| Koha item type | Books |
| Suppress in OPAC | No |
| Withdrawn status | Lost status | Source of classification or shelving scheme | Damaged status | Not for loan | Home library | Current library | Date acquired | Total Checkouts | Full call number | Barcode | Date last seen | Price effective from | Koha item type |
|---|---|---|---|---|---|---|---|---|---|---|---|---|---|
| Library of Congress Classification | مكتبة جامعة عجلون الوطنية | مكتبة جامعة عجلون الوطنية | 02/12/2023 | DS154.52.M33.A3.2003 | A29759 | 02/12/2023 | 02/12/2023 | Books | |||||
| Library of Congress Classification | مكتبة جامعة عجلون الوطنية | مكتبة جامعة عجلون الوطنية | 02/12/2023 | DS154.52.M33.A3.2003 | A29758 | 02/12/2023 | 02/12/2023 | Books |